000 00873nam a2200217 i 4500
001 20439
003 ES-MaACL
005 20251005063031.0
007 t|
008 021112s1900 sp ||||1| spa d
100 1 _aCerralbo, Enrique de Aguilera y Gamboa,
_cMarqués de
_937561
245 1 0 _aDoña María Henríquez de Toledo :
_bmujer del gran duque de Alba /
_cpor el marqués de Cerralbo.
260 _aMadrid :
_b[s.n.],
_c1900 (
_fImp. de San Francisco de Sales)
300 _a13 p. ;
_c27 cm.
530 _aDisponible en formato digital.
594 _a"Artículo publicado en el Boletín de la Sociedad Española de Excursiones"
600 1 4 _aEnríquez de Toledo y Guzmán, María.
_9155413
852 4 _aES-MaACL
_jT-990-F-12
856 4 _uhttp://bdh-rd.bne.es/viewer.vm?id=0000083959&page=1
_zBiblioteca Digital Hispánica
999 _c20439
_d20439